00616nam a2200157 a 450000100100000000500170001000800410002704000250006808200150009324500530010826000440016130000190020550000420022495201750026699900170044100003334320200930070206.0110825s1905 dr 000 0 spa d aDO-SdBNPbspacBNPHU axxxbF726c00aFormulario del código de procedimiento crimal. aSanto Domingo :bFlor del Ozama,c1905. a36 p. ;c19 p. aIncluye notas al pie de las páginas 001050718RVaPDbPDcCTd2011-08-25iLF1l0oxxx F726cp33343-10r2020-06-25w2020-06-25y1zPerteneció a la biblioteca personal de Julio Ortega Frier.ZNo se presta c32834d32834